Formule 1 - Champions du Monde par année - Mort subite - Statistiques

Statistiques générales
  • Ce quiz a été pris 13 fois
  • Le résultat moyen est 11 sur 16
Answers on the Grid
Answers color-coded by a green-red scale on the quiz's grid according to % correct below.
Lando Norris - 2025
Max Verstappen - 2021
Lewis Hamilton - 2018
Nico Rosberg - 2016
Sebastian Vettel - 2010
Kimi Räikkönen - 2007
Mika Häkkinen - 1999
Damon Hill - 1996
Alain Prost - 1993
Ayrton Senna - 1990
Nelson Piquet - 1987
Alan Jones - 1980
Jody Scheckter - 1979
James Hunt - 1976
Jim Clark - 1965
Giuseppe Farina - 1950
Charles Leclerc - 2023
Valtteri Bottas - 2020
Fernando Alonso - 2012
Felipe Massa - 2008
David Coulthard - 2001
Nigel Mansell - 1995
Niki Lauda - 1982
Gilles Villeneuve - 1975
Jackie Stewart - 1970
Bruce McLaren - 1964
Jack Brabham - 1961
Stirling Moss - 1957
 
Statistiques - réponses
Réponse % Correct
Lewis Hamilton - 2018
100%
Lando Norris - 2025
90%
Sebastian Vettel - 2010
90%
Max Verstappen - 2021
80%
Alain Prost - 1993
70%
Ayrton Senna - 1990
70%
Nelson Piquet - 1987
70%
Nico Rosberg - 2016
70%
Damon Hill - 1996
60%
Kimi Räikkönen - 2007
60%
Mika Häkkinen - 1999
60%
Alan Jones - 1980
50%
Giuseppe Farina - 1950
50%
James Hunt - 1976
50%
Jody Scheckter - 1979
50%
Jim Clark - 1965
40%
Aucun quiz correspondant
Distribution des résultats
% des personnes avec chaque résultat
Percentile par nombre de réponses
Votre historique - résultats
Vous n’avez pas pris ce quiz